LEADER 00845cam2 22002531 450 001 SOBE00081076 005 20241007075348.0 100 $a20241007d1915 |||||ita|0103 ba 101 $aita 102 $aIT 200 0 $a1$fTommaso d'Aquino 210 $aBari$cLaterza$d1915 215 $aXXXVII, 312 p.$d22 cm 461 1$1001E600200071689$12001 $aOpuscoli e testi filosofici / Tommaso d'Aquino ; scelti e annotati da Bruno Nardi 700 0$aTommaso : d'Aquino $3AF00004249$4070$0290144 801 0$aIT$bUNISOB$c20241007$gRICA 850 $aUNISOB 852 $aUNISOB$j100|Coll|20|K$m2636 912 $aSOBE00081076 940 $aM 102 Monografia moderna SBN 941 $aW 957 $a100|Coll|20|K$b000013$i-1$gSI$d2636$1rovito$2UNISOB$3UNISOB$420241007075316.0$520241007075348.0$6rovito 996 $a1$94297210 997 $aUNISOB